Deposit-refund systems : theory and applications to environmental, conservation, and consumer policy /

Bibliographic Details
Main Author: Bohm, Peter, 1935-
Corporate Author: Resources for the Future
Format: Book
Language:English
Published: Baltimore, Md. : Published for Resources for the Future, Inc., by the Johns Hopkins University Press, [1981]
Subjects:

MARC

Tag First Indicator Second Indicator Subfields
LEADER 00000pam a2200000 a 4500
001 in00000072017
005 20151008062517.0
008 810918s1981 mdua b 00110 eng
010 |a  81047617  
020 |a 080182706X :  |c $22.00 
035 |a (OCoLC)07836075 
035 |9 AAK0374AM 
039 0 |a 2  |b 3  |c 3  |d 3  |e 3 
040 |a DLC  |c DLC  |d TXA  |d UtOrBLW 
049 |a TXAM  |c [1561009] 
050 0 0 |a HC79.E5  |b B63 
082 0 |a 351.82  |2 19 
100 1 |a Bohm, Peter,  |d 1935- 
245 1 0 |a Deposit-refund systems :  |b theory and applications to environmental, conservation, and consumer policy /  |c Peter Bohm. 
264 1 |a Baltimore, Md. :  |b Published for Resources for the Future, Inc., by the Johns Hopkins University Press,  |c [1981] 
264 4 |c ©1981 
300 |a xiv, 175 pages :  |b illustrations ;  |c 24 cm. 
336 |a text  |b txt  |2 rdacontent 
337 |a unmediated  |b n  |2 rdamedia 
338 |a volume  |b nc  |2 rdacarrier 
504 |a Includes bibliographical references and index. 
650 0 |a Deposit-refund systems. 
710 2 |a Resources for the Future. 
999 |a MARS 
999 f f |s 5f73a8f8-7ef1-394e-8fd9-d983230c04a7  |i 73c0640a-913a-3fd0-b869-9e8a06b64942  |t 0 
952 f f |p ric  |a Texas A&M University  |b Rellis Campus  |c Joint Library Facility  |d Remote Storage  |t 0  |e HC79.E5 B63  |h Library of Congress classification  |i unmediated -- volume  |m A14806121152 
998 f f |a HC79.E5 B63  |t 0  |l Remote Storage